TheEffect of grounded calcium carbonate on the physical properties of NR valcunised latex films (Record no. 71169)
[ view plain ]
| 000 -LEADER | |
|---|---|
| fixed length control field | 01668nam a2200181Ia 4500 |
| 100 ## - MAIN ENTRY--AUTHOR NAME | |
| Personal name | Akmal A R M |
| 245 #0 - TITLE STATEMENT | |
| Title | TheEffect of grounded calcium carbonate on the physical properties of NR valcunised latex films |
| 260 ## - PUBLICATION, DISTRIBUTION, ETC. (IMPRINT) | |
| Name of publisher | Journal of Rubber Research |
| Year of publication | 2013 |
| 300 ## - PHYSICAL DESCRIPTION | |
| Number of Pages | 203-214 |
| 520 ## - SUMMARY, ETC. | |
| Summary, etc | The effect of filler loading on tensile strength, force at break, modulus, stress-strain relationship and surface morphology of natural rubber latex(NRL) films was studied. Grounded calcium carbonate(GCC) loaded into NRL latex compounds and the results obtained from latex films formed form these compounds, showed that their tensile strength and force at break improved initially but leveled and dropped when the GCC loading is more than 5;in NRL films. Disturbing the filler arrangement in the rubber matrix by scragging the test piece of filled NRL films changed the elastic constant value(C1) of the filled test pieces with large difference in highly filled films. Expected agglomeration of filler in gloves visualised via the microscopy technique indicated disinclination of GCC to distribute well in NRL films. The discrepancyseen in SEM micrographs between differently filled films could be related to surface roughness of the NRL films. Among filled NRL films, the one containing 20;of GCC had the smoothest appearance in its surface morphology. Micrographs from FIB-SEM techniques show clear clustering of fillers at high dosages in the NRL films. |
| 650 ## - SUBJECT ADDED ENTRY--TOPICAL TERM | |
| Topical Term | Calcium carbonate |
| 650 ## - SUBJECT ADDED ENTRY--TOPICAL TERM | |
| Topical Term | Filler |
| 650 ## - SUBJECT ADDED ENTRY--TOPICAL TERM | |
| Topical Term | Natural rubber latex |
| 700 ## - ADDED ENTRY--PERSONAL NAME | |
| Personal name | Hashim M Y A |
| 700 ## - ADDED ENTRY--PERSONAL NAME | |
| Personal name | Qumaarina M S N |
| 942 ## - ADDED ENTRY ELEMENTS (KOHA) | |
| Koha item type | Journals |
| Withdrawn status | Lost status | Damaged status | Not for loan | Home library | Current library | Date acquired | Serial Enumeration / chronology | Koha item type |
|---|---|---|---|---|---|---|---|---|
| Journals | RRII Library | RRII Library | 24/03/2014 | Volume 16, Issue 4 | Journals |